000 01350cad a2200253 4500
001 L158667
008 110215n2013 000 0 eng u
020 _a9781783210305
035 _a(Sirsi) u158667
041 _aeng
100 1 _aKheir, Amir
111 2 _aConstruction and Building Research Conference
_cIIT Delhi, New Delhi
_d10-12 September 2013
245 0 0 _aBritish construction companies strategies in the face of the recession
_h[electronic resource]
260 _aLondon
_bRICS
_c2013
490 0 _aCOBRA
_v2013
520 _aA paper presented at the COBRA Conference in New Delhi on 10-12 September 2013. Reports on the feedback from leaders of construction companies in UK in response to the latest recession scenario in 2008/2009.The perceived top threats are identified, the company?s objective, strategy and policies adopted by all functions of the business are discussed. The commonality of approaches with other organisations who faced similar challenges worldwide are examined and finally the policies to immune the companies from the ups and downs in the economy are discussed.
650 2 4 _aCONSTRUCTION AND BUILDING RESEARCH CONFERENCE (COBRA)
650 2 4 _aCONSTRUCTION
650 2 4 _aRECESSION
650 2 4 _aECONOMIC DOWNTURN
651 4 _aUnited Kingdom
690 _aConstruction management
_96230
942 _n0
999 _c115446
_d115446